Top ten best states to live in - Statistics

General Stats
  • This quiz has been taken 37 times
  • The average score is 7 of 10
Answer Stats
Ranking State % Correct
1st New Hampshire
79%
3rd Virginia
79%
8th Utah
74%
4th Rhode Island
71%
5th Wisconsin
65%
2nd Wyoming
65%
6th Connecticut
59%
9th Minnesota
59%
7th North Dakota
59%
10th Pennsylvania
44%
No matching quizzes found
Score Distribution
Percent of People with Each Score
Percentile by Number Answered
Your Score History
You have not taken this quiz